000 01248nam a2200337Ia 4500
001 ebr10135632
003 CaPaEBR
006 m u
007 cr cn|||||||||
008 031106s2004 nyua sb 001 0 eng d
010 _z 2003067262
020 _z1403980829
020 _z1403961646
020 _z1403961654 (pbk.)
040 _aCaPaEBR
_cCaPaEBR
035 _a(OCoLC)560190707
050 1 4 _aP94.5.Y72
_bJ34 2004eb
082 0 4 _a302.23/0832
_222
100 1 _aJagodzinski, Jan,
_d1948-
245 1 0 _aYouth fantasies
_h[electronic resource] :
_bthe perverse landscape of the media /
_cJan Jagodzinski.
250 _a1st ed.
260 _aNew York :
_bPalgrave Macmillan,
_c2004.
300 _aix, 281 p. :
_bill.
504 _aIncludes bibliographical references (p. [241]-264) and index.
533 _aElectronic reproduction.
_bPalo Alto, Calif. :
_cebrary,
_d2011.
_nAvailable via World Wide Web.
_nAccess may be limited to ebrary affiliated libraries.
650 0 _aMass media and youth.
650 0 _aMass media.
655 7 _aElectronic books.
_2local
710 2 _aebrary, Inc.
856 4 0 _uhttp://site.ebrary.com/lib/rucke/Doc?id=10135632
_zAn electronic book accessible through the World Wide Web; click to view
999 _c87549
_d87549